| 000 | 01292nam a22002777a 4500 | ||
|---|---|---|---|
| 005 | 20120828121123.0 | ||
| 008 | 120828t xxu||||| |||| 00| 0 eng d | ||
| 010 | _aENG-105662 | ||
| 020 |
_a9788132108917 _c550.00 |
||
| 035 | _aEN-89195 | ||
| 037 | _bDBAD/PUB | ||
| 040 |
_aDPL _bEng |
||
| 082 | _a301 | ||
| 100 |
_aKrishna, Daya _951650 |
||
| 245 |
_aCivilizations : _bnostalgia and utopia / _cby Daya Krishna |
||
| 260 |
_aNew Delhi _bSAGE Publications _c2012 |
||
| 270 |
_aB1/I-1 Mohan Cooperative Industrial Area, Mathura Road _bNew Delhi _e110044 |
||
| 300 |
_axxvi,119p. _c22cm(Hb) |
||
| 500 | _aIncludes bibliographical references and index. | ||
| 505 | _aThe concept of society -- The two predicaments -- Reflection on action -- Perspectives on freedom -- The search for a measuring rod -- Society: reality and utopia -- Civilizations: past and future -- Understanding civilizations: two case studies, Indian and Western -- Civilizations: nostalgia and utopia. | ||
| 650 |
_aSociology _xPhilosophy. _951651 |
||
| 650 |
_aCivilization _xPhilosophy. _951652 |
||
| 650 |
_aSocial sciences _xPhilosophy. _951653 |
||
| 942 |
_2ddc _cEN _h301 _mKRI |
||
| 999 |
_c69429 _d69429 |
||